Movies Quiz

Random Movies or Clickable Quiz
Score 0/31 Timer 04:00
2 Plays Today
% Correct
OR  Wearer of leg braces ?
97.1%
OR  Bus rider ?
96.1%
Ping Pong player ?
95.3%
OR  Vietnam war veteran ?
94.7%
OR  Friend to 'Lieutenant Dan' ?
94.2%
OR  Steered a boat named 'Jenny' ?
93.7%
Shrimp boat captain ?
93.6%
Inspired Elvis Presley's hip-swinging ?
92.9%
Anti-war rally speaker ?
91.9%
OR  Tree climber ?
91.8%
Helped expose Watergate scandal ?
91.3%
Medal of Honor recipient ?
88.3%
OR  University of Alabama football player ?
88.1%
OR  Dr Pepper drinker ?
87.9%
OR  Grass cutter ?
84.2%
OR  Husband and widower ?
83.7%
% Correct
OR  Father to a son named 'Forrest' ?
83.4%
Sang in a church ?
82.9%
OR  Apple investor ?
81.6%
OR  Appeared on cover of Runner's World ?
81%
College graduate ?
80.6%
Owned the book 'Curious George' ?
80.1%
Army Private First Class ?
79.3%
OR  John Lennon's 'Imagine' ?
73%
OR  Chocolate chewer?
69.5%
Kept a feather in his book ?
66.8%
Survivor of Hurricane Carmen ?
66.5%
OR  Dick Cavett Show guest ?
66.4%
Home Economics student ?
62.2%
OR  Gump Medical Center benefactor ?
60.4%
Watcher of Bert and Ernie on TV ?
59.9%

You're not logged in!

Compare scores with friends on all Sporcle quizzes.
OR
Log In

Sporcle TV

Today on Sporcle TV


Watch our educational content, quiz creation guides, and fun videos on Sporcle TV.

Show Comments

Extras

Top Quizzes Today


Score Distribution

Your Account Isn't Verified!

In order to create a playlist on Sporcle, you need to verify the email address you used during registration. Go to your Sporcle Settings to finish the process.

Report this User

Report this user for behavior that violates our Community Guidelines.

Details: